| 000 | 00451nam a22001697a 4500 | ||
|---|---|---|---|
| 003 | BD-DhUL | ||
| 005 | 20170405101436.0 | ||
| 008 | 170405b xxu||||| |||| 00| 0 eng d | ||
| 040 |
_cBD-DhUL _dBD-DhUL |
||
| 082 |
_a378.54 _bINI |
||
| 245 | _aInter-University Board India / | ||
| 260 |
_aBanglore: _bBanglore, _c1926. |
||
| 300 |
_a80p.: _c33cm. |
||
| 500 | _aIncludes Index And reference. | ||
| 651 | 0 |
_2University Board _aIndia |
|
| 942 |
_2ddc _cREF |
||
| 999 |
_c171989 _d171989 |
||